Statistiques concernant Animaux peu connus par image 3

Cliquez ici pour prendre le quiz!

Statistiques générales

  • Ce quiz a été pris 97 fois
  • Le résultat moyen est 7 sur 31

Statistiques - réponses

Réponse% Correct
Axolotl
79%
Marabout d'Afrique
53%
Marsouin commun
49%
Oryx gazelle
46%
Spatule rosée
39%
Arapaïma
37%
Nandou d'Amérique
35%
Dendrobate bleue
32%
Potamochère roux
32%
Gypaète barbu
26%
Tamarin lion doré
26%
Dik-Dik de kirk
25%
Tétras lyre
23%
Agouti
21%
Chat pêcheur
21%
Urubu noir
21%
Agame barbu
19%
Dendrolague
19%
Kookaburra
19%
Tortue matamata
16%
Bongo
14%
Poisson archer
14%
Nestor Kea
12%
Colobe guéréza
11%
Otocyon
11%
Takin
11%
Bateleur des savanes
5%
Muntjac de Reeves
5%
Goura couronné
4%
Grand Hocco
2%
Ophiure superbe
0%

Distribution des résultats

Percentile par nombre de réponses

% des personnes avec chaque résultat

Votre développement - résultats

Vous n’avez pas pris ce quiz